| 000 | 00728nam a2200229Ia 4500 | ||
|---|---|---|---|
| 003 | IN-BaIIA | ||
| 008 | 211028s9999 xx 000 0 eng d | ||
| 020 | _a0-7923-0787-9 | ||
| 040 | _cIIA Library | ||
| 080 |
_a082.2:52 _bIAU-S141 |
||
| 100 |
_aLieske, J. H. _916921 |
||
| 245 | 0 |
_aInertial coordinate system on the sky _cJ. H. Lieske and V. K. Abalakin |
|
| 260 |
_aDordrecht _bKluwer Academic _c1990 |
||
| 300 | _axxxiv, 528p. | ||
| 490 | _aIAU symposium; no. 141 | ||
| 650 | _aAstrometry | ||
| 650 | _aAstronomy and Astrophysics thesaurus | ||
| 650 |
_aCoordinate systems _916922 |
||
| 650 |
_aReference systems _99978 |
||
| 700 |
_aAbalakin, V. K _916923 |
||
| 942 | _cBK | ||
| 999 |
_c9967 _d9967 |
||